[Event "GER-ch U25 op-B"]
[Site "Oberhof"]
[Date "2013.05.24"]
[Round "8"]
[White "Ziegenfuss, Larissa"]
[Black "Reif, Richard"]
[Result "1-0"]
[WhiteElo "923"]
[BlackElo "1016"]
[PlyCount "99"]
[EventDate "2013.05.19"]
[EventType "swiss"]
[EventRounds "9"]
[EventCountry "GER"]
[SourceTitle "CBM 154 Extra"]
[Source "ChessBase"]
[SourceDate "2013.06.25"]
[SourceVersion "2"]
[SourceVersionDate "2013.06.25"]
[SourceQuality "1"]

1. e4 e5 2. Nc3 Nf6 3. Nf3 Nc6 4. d4 exd4 5. Nxd4 Bc5 6. Be3 0-0 7. Nxc6 bxc6 8. Bxc5 Re8 9. Bd3 d5 10. f3 Bf5 11. 0-0 dxe4 12. fxe4 Bxe4 13. Bxe4 Nxe4 14. Qxd8 Raxd8 15. Nxe4 Rxe4 16. Rfe1 Ra4 17. Re7 h6 18. Rxc7 Rd2 19. h3 Rxc2 20. Rxa7 Rxa7 21. Bxa7 Rxb2 22. a4 Rb7 23. Bf2 Rb8 24. a5 Ra8 25. a6 Kf8 26. a7 Ke7 27. Rb1 Kd6 28. Rb8 Rxa7 29. Bxa7 c5 30. Bxc5+ Kxc5 31. Rb7 Kd6 32. Rxf7 Ke6 33. Rxg7 Kf6 34. Rg3 h5 35. h4 Kf5 36. Rg5+ Kf6 37. Rxh5 Kg6 38. g4 Kf6 39. Kf2 Kg6 40. Kf3 Kf6 41. Rg5 Kf7 42. h5 Kf6 43. Kf4 Kf7 44. h6 Ke7 45. h7 Kf7 46. h8R Kf6 47. Ra5 Ke6 48. Rh6+ Kd7 49. Ra7+ Kc8 50. Rh8# 1-0

[Event "GER-ch U25 op-B"]
[Site "Oberhof"]
[Date "2013.05.21"]
[Round "4"]
[White "Morio, Estelle"]
[Black "Reif, Richard"]
[Result "1-0"]
[WhiteElo "1322"]
[BlackElo "1016"]
[PlyCount "37"]
[EventDate "2013.05.19"]
[EventType "swiss"]
[EventRounds "9"]
[EventCountry "GER"]
[SourceTitle "CBM 154 Extra"]
[Source "ChessBase"]
[SourceDate "2013.06.25"]
[SourceVersion "2"]
[SourceVersionDate "2013.06.25"]
[SourceQuality "1"]

1. f4 d5 2. b3 Nf6 3. Bb2 Bf5 4. Nf3 c5 5. e3 e6 6. Ne5 a6 7. Be2 Bd6 8. 0-0 Nbd7 9. d3 Qc7 10. Nxd7 Qxd7 11. Qe1 Bg4 12. Bxg4 Nxg4 13. Qg3 f5 14. Nd2 Rg8 15. h3 Nf6 16. Bxf6 g6 17. Nf3 Kf7 18. Be5 Bxe5 19. Nxe5+ 1-0